Education and ethnicity: (Record no. 2963)

MARC details
000 -LEADER
fixed length control field 005740000a22001690004500
005 - DATE AND TIME OF LATEST TRANSACTION
control field 20240118111736.0
008 - FIXED-LENGTH DATA ELEMENTS--GENERAL INFORMATION
fixed length control field 230817t1985 ||||| |||| 00| 0 eng d
082 ## - DEWEY DECIMAL CLASSIFICATION NUMBER
Classification number 370.19
Item number INT
942 ## - ADDED ENTRY ELEMENTS (KOHA)
Item Type Books
110 ## - MAIN ENTRY--CORPORATE NAME
Corporate Name International Centre for Ethnic Studies
245 ## - TITLE STATEMENT
Title Education and ethnicity:
Sub Title report on workshop held on 26th, 27th July 1985, Colombo, Sri Lanka
260 ## - PUBLICATION, DISTRIBUTION, ETC. (IMPRINT)
Place of Publication Colombo:
Name of Publisher International Centre for Ethnic Studies,
Date of Copyright 1985
300 ## - PHYSICAL DESCRIPTION
Extent 12 p. ; 21 cm
650 ## - SUBJECT ADDED ENTRY--TOPICAL TERM
Topical Term Ethnicity- Sri Lanka -Congresses
650 ## - SUBJECT ADDED ENTRY--TOPICAL TERM
Topical Term Minorities -Education
650 ## - SUBJECT ADDED ENTRY--TOPICAL TERM
Topical Term Education-Sri Lanka
Holdings
Withdrawn status Lost status Damaged status Not for loan Permanent location Current location Date acquired Total Checkouts Full call number Barcode Date last seen Price effective from Koha item type
        Resource center, Muslim Women's Research And Action Forum Resource center, Muslim Women's Research And Action Forum 2023-08-17   370.19 INT RAF3824 2023-08-17 2023-08-17 Reports

Copyright © 2023 Muslim Women's Research and Action Forum (MWRAF), No 27/3, Anderson Road, Kalubowila, Dehiwela. Funded by The Asia Fundation